000 01003nam a2200241 4500
001 39095
003 BD-RjUL
005 20211209052921.0
008 160404s1999 bg a|||e |||| 00| 0 ben d
020 _a9845550096
_c: TK.100.00
035 _a(BD-RjUL)39207
040 _aBD-RjUL
_bben
_cBD-RjUL
041 _aben
082 _223
_a791.43092
_bHAS 1999
100 _aহায়াৎ, অনুপম
_9120645
245 1 0 _aসেকালে বাংলাদেশের কয়েকজন চলচ্চিত্রকর্মী /
_cঅনুপম হায়াৎ
260 _aঢাকা :
_bবাংলাদেশ শিল্পকলা একাডেমী,
_c১৯৯৯
300 _a১০৯ পৃ. :
_bচিত্র ;
_c২৩ সেমি.
500 _aসুত্র নির্দেশ
650 _aচলচ্চিত্রকর্মী
_vজীবনী
_9120646
650 _aMotion picture actors and actresses.
_vBiography
_9120647
942 _2ddc
_cBK
999 _c39095
_d39095